PR-SOF-1517-DESIGN AND FABRICATION OF RAIL-LESS TRAIN (Record no. 577654)

000 -LEADER
fixed length control field 00404nam a22001217a 4500
082 ## - DEWEY DECIMAL CLASSIFICATION NUMBER
Classification number PRO 220
100 ## - MAIN ENTRY--PERSONAL NAME
Personal name Ahmed Ali Nadir khan Nadeem Ahmad
9 (RLIN) 70781
245 ## - TITLE STATEMENT
Title PR-SOF-1517-DESIGN AND FABRICATION OF RAIL-LESS TRAIN
260 ## - PUBLICATION, DISTRIBUTION, ETC.
Place of publication, distribution, etc. ISLAMABAD
Name of publisher, distributor, etc. NUST COLLEGE OF EME
Date of publication, distribution, etc. 2016
650 ## - SUBJECT ADDED ENTRY--TOPICAL TERM
Topical term or geographic name entry element DE-MECH-34
9 (RLIN) 70782
700 ## - ADDED ENTRY--PERSONAL NAME
Personal name SUPERVISOR Dr. HASAN AFTAB SAEED ASST PROFESSOR YASSER RIAZ AWAN
9 (RLIN) 70783
942 ## - ADDED ENTRY ELEMENTS (KOHA)
Koha item type Continuing Resources
Holdings
Withdrawn status Lost status Damaged status Not for loan Permanent Location Current Location Shelving location Date acquired Total Checkouts Full call number Barcode Date last seen Price effective from Koha item type
        College of Electrical & Mechanical Engineering (CEME) College of Electrical & Mechanical Engineering (CEME) Reference 11/29/2019   PRO 220 PR-SOF-1517 06/28/2021 06/28/2021 Continuing Resources
© 2023 Central Library, National University of Sciences and Technology. All Rights Reserved.